LEADER 04129nam 2200601 a 450 001 9910462368703321 005 20200520144314.0 010 $a3-03813-271-3 035 $a(CKB)2670000000242490 035 $a(EBL)1869218 035 $a(SSID)ssj0000751425 035 $a(PQKBManifestationID)12349085 035 $a(PQKBTitleCode)TC0000751425 035 $a(PQKBWorkID)10752303 035 $a(PQKB)10378704 035 $a(MiAaPQ)EBC1869218 035 $a(Au-PeEL)EBL1869218 035 $a(CaPaEBR)ebr10604066 035 $a(OCoLC)897070488 035 $a(EXLCZ)992670000000242490 100 $a20090716d2009 uy 0 101 0 $aeng 135 $aur|n|---||||| 181 $ctxt 182 $cc 183 $acr 200 00$aProgress in abrasive and grinding technology$b[electronic resource] $especial topic volume with invited papers only /$fedited by Xipeng Xu 210 $aStafa-Zurich, Switzerland ;$aEnfield, N.H. $cTrans Tech Publications$dc2009 215 $a1 online resource (194 p.) 225 0$aKey engineering materials,$x1013-9826 ;$vv. 404 300 $aDescription based upon print version of record. 311 $a0-87849-342-5 320 $aIncludes bibliographical references and indexes. 327 $aProgress in Abrasive and Grinding Technology; Preface; Table of Contents; Development in the Dressing of Super Abrasive Grinding Wheels; High Speed Grinding of Advanced Ceramics: A Review; Experimental Investigations on Material Removal Rate and Surface Roughness in Lapping of Substrate Wafers: A Literature Review; A Focused Review on Enhancing the Abrasive Waterjet Cutting Performance by Using Controlled Nozzle Oscillation; A Review of Electrolytic In-Process Dressing (ELID) Grinding; On the Coherent Length of Fluid Nozzles in Grinding 327 $aSurface Characteristics of Efficient-Ground Alumina and Zirconia Ceramics for Dental ApplicationsOptimization of Cutting-Edge Truncation in Ductile-Mode Grinding of Optical Glass; On the Polishing Techniques of Diamond and Diamond Composites; Super Polishing Behaviour Investigation of Stainless Steel Optical Lens Moulding Inserts; Corrective Abrasive Polishing Processes for Freeform Surface; Applications of Contact Length Models in Grinding Processes; Polishing Performance of Electro-Rheological Fluid of Polymerized Liquid Crystal Contained Abrasive Grit 327 $aStudy on Tribo-Fabrication in Polishing by Nano Diamond ColloidEfficient Super-Smooth Finishing Characteristics of SiC Materials through the Use of Fine-Grinding; Polishing of Ultra Smooth Surface with Nanoparticle Colloid Jet; An Experimental Study on High Speed Grinding of Granite with a Segmented Diamond Wheel; Thinning Silicon Wafer with Polycrystalline Diamond Tools; Mechanisms of Al/SiC Composite Machining with Diamond Whiskers; Effect of Slurry and Nozzle on Hole Machining of Glass by Micro Abrasive Suspension Jets 327 $aExperimental Investigation of Temperatures in Diamond Wire Sawing GraniteKeywords Index; Authors Index 330 $aThe grinding and abrasive processing of materials are machining techniques which use bonded or loose abrasives to remove material from workpieces. Due to the well-known advantages of grinding and abrasive processes, advances in abrasive and grinding technology are always of great import in enhancing both productivity and component quality. In order to highlight the recent progress made in this field, the editor invited 21 world-wide contributions with the aim of gathering together all of the achievements of leading researchers into a single publication. The authors of the 21 invited papers, of 410 0$aKey Engineering Materials 606 $aAbrasives 606 $aGrinding and polishing 608 $aElectronic books. 615 0$aAbrasives. 615 0$aGrinding and polishing. 676 $a621.92 701 $aXu$b Xipeng$0921559 801 0$bMiAaPQ 801 1$bMiAaPQ 801 2$bMiAaPQ 906 $aBOOK 912 $a9910462368703321 996 $aProgress in abrasive and grinding technology$92203217 997 $aUNINA LEADER 03371nam 22006375 450 001 9910874655503321 005 20251113175812.0 010 $a9789819702893 024 7 $a10.1007/978-981-97-0289-3 035 $a(CKB)32970781600041 035 $a(MiAaPQ)EBC31531391 035 $a(Au-PeEL)EBL31531391 035 $a(DE-He213)978-981-97-0289-3 035 $a(OCoLC)1446545444 035 $a(EXLCZ)9932970781600041 100 $a20240716d2024 u| 0 101 0 $aeng 135 $aur||||||||||| 181 $ctxt$2rdacontent 182 $cc$2rdamedia 183 $acr$2rdacarrier 200 10$aProceedings of the XXV DAE-BRNS High Energy Physics (HEP) Symposium 2022, 12?16 December, Mohali, India /$fedited by Satyajit Jena, Ambresh Shivaji, Vishal Bhardwaj, Kinjalk Lochan, Harvinder Kaur Jassal, Anosh Joseph, Pankaj Khuswaha 205 $a1st ed. 2024. 210 1$aSingapore :$cSpringer Nature Singapore :$cImprint: Springer,$d2024. 215 $a1 online resource (1353 pages) 225 1 $aSpringer Proceedings in Physics,$x1867-4941 ;$v304 311 08$a9789819702886 327 $aIceCube and the future of Astroparticle Physics from the South Pole -- The e?ect of the Hagedorn states in the Hadron Resonance Gas model with the van der Waals interaction -- Silicon detector activities for Belle II and CMS experiments -- Recent highlights from the LHCb experiment. 330 $aThis book presents the proceedings of the XXV DAE-BRNS High Energy Physics (HEP) Symposium 2022, held at the Indian Institute of Science Education and Research Mohali, India. This proceeding marks the 25th edition. The latest results covering both the theoretical and the experimental aspects of the HEP research were presented under 10 broad topics ranging from Astroparticle and cosmology to Higgs and top quark physics, namely (1) article Astrophysics and Cosmology, (2) Beyond Standard Model Physics, (3) Formal Theory, (4) Detector Development Future Facilities and Experiments, (5) Relativistic Heavy-Ion Physics and QCD, (6) Higgs Physics, (7) Quark and Lepton Flavor Physics, (9) Societal Applications: Medical Physics, Imaging, and (10) Top Quark and EW Physics. 410 0$aSpringer Proceedings in Physics,$x1867-4941 ;$v304 606 $aNuclear physics 606 $aQuantum electrodynamics 606 $aQuantum theory 606 $aNuclear and Particle Physics 606 $aQuantum Electrodynamics, Relativistic and Many-body Calculations 606 $aQuantum Imaging and Sensing 615 0$aNuclear physics. 615 0$aQuantum electrodynamics. 615 0$aQuantum theory. 615 14$aNuclear and Particle Physics. 615 24$aQuantum Electrodynamics, Relativistic and Many-body Calculations. 615 24$aQuantum Imaging and Sensing. 676 $a539.7 700 $aJena$b Satyajit$01749645 701 $aShivaji$b Ambresh$01749646 701 $aBharadwaj$b Vishal$01885147 701 $aLochan$b Kinjalk$01749648 701 $aJassal$b Harvinder Kaur$01749649 701 $aJoseph$b Anosh$0843206 701 $aKhuswaha$b Pankaj$01749650 801 0$bMiAaPQ 801 1$bMiAaPQ 801 2$bMiAaPQ 912 $a9910874655503321 996 $aProceedings of the XXV DAE-BRNS High Energy Physics (HEP) Symposium 2022, 12?16 December, Mohali, India$94520293 997 $aUNINA